000 00786cab a2200217 4500
001 WB2841-14
008 090401t1992 xxu||||| |||| 00| 0 eng d
035 _a(Sirsi) u43564
041 _aeng
245 _aCIC challenges government tendering policy
260 _c1992
350 _a0
490 _aArchitects` Journal
_v196(15) 14 October 1992, 5(1)
520 _aThe Construction Industry Council (CIC) criticises competititive tendering policy based on fee bidding. Its "Guidelines for the application of competitive tendering" outlines procedures based more on the `quality tempered by price` approach.
650 _aCOMPULSORY COMPETITIVE TENDERING
650 _aFEE BIDDING
650 _aQUALITY
690 _aECONOMIC AND SOCIAL
942 _n0
948 _c04/03/1997
999 _c27770
_d27770